000
00285nam a22001097a 4500
008
170105b xxu||||| |||| 00| 0 eng d
020
_a
9780323056120
041
_a
eng
080
_2
8TH
_a
618.2
245
_a
ESSENTIALS OF PEDIATRIC NURSING
_c
HOCKENBERRY, M.J & WILSON, D
942
_2
udc
_c
BK
999
_c
2545
_d
2545